00405 2200157 4500001002100000005001500021035001900036245004400055100001800099300003800117260004600155082000700201084001300208022001200221990001400233INLIS00000000000151720250204110448$a 0010-0225000006$a Planet-planet berbatu /$c Bhakti Karyono$a Bhakti Karyono$a 90 hlm : $b ilus ; $c 21 x 27.5 cm$a Jakarta :$b PT Kuark Internasional,$c 2024$a 050$a 050 BHA p$a 16939964$a MK027/2024